000 00524nam a2200217Ia 4500
005 20251020182541.0
008 200515s9999 xx 000 0 und d
082 _a741/L26/4
100 _aLARBURU ARRAZABALAGA, Nicolás
245 0 _aTécnica del dibujo
260 _aMadrid
260 _c1974
300 _a204
500 _a1 ejemplar
650 _aCONSTRUCCIONES CIVILES
650 _aCONSTRUCCIONES METALICAS
650 _aDIBUJO TECNICO
650 _aGEOMETRIA DESCRIPTIVA
650 _aLIB
942 _cLIB
999 _c2410
_d2410